01018 2200325 4500001002100000005001500021035002000036007000300056008004100059020002200100040002200122082001500144084001700159090002200176100003900198245010500237250003500342300004500377500001100422650002900433700003600462850001200498504003200510264003200542336002100574337003000595338002300625999002200648990002200670INLIS00000000089049020240912092705 a0010-0924000140ta240912s2022 yoia g 001 0 ind d a978-623-02-8791-6 aYOPDYOGbinderda04223a338.62 a338.62 NIP p aCB-D.11 2022-50973 aNi Putu Sri Harta MimbaePengarang10aPemberdayaan BUMN di era digital society /cNi Putu Sri Harta Mimba; penyunting, Ni Made Dwi Ratnadi aCetakan Pertama, November 2022 ax, 92 halaman :btabel, diagram ;c23 cm aIndeks 4aBadan Usaha Milik Negara3 aNi Made Dwi RatnadiePenyunting aYOPDYOG aBibliografi : halaman 62-6731aSleman :bDeepublish,c2022 2rdacontentateks 2rdamediaatanpa perantara 2rdacarrieravolume aCB-D.11/2022-5097 aCB-D.11/2022-5097